| 000 | 00958nam a22002897a 4500 | ||
|---|---|---|---|
| 001 | 0026867 | ||
| 003 | KOHA_MİRAKIL | ||
| 005 | 20260207002540.0 | ||
| 007 | ta | ||
| 008 | 110307b2010 tu a|||gr||||#||||0|tur | | ||
| 020 |
_a9789758657582 _c0,01 |
||
| 040 |
_aTR-BiSEU _btur _cTR-BiSEU _erda |
||
| 041 | 0 | _atur | |
| 044 | _ctu | ||
| 050 |
_aHV8241.93 _b.F38 2010 |
||
| 100 | 1 | _aFeridun, İbrahim. | |
| 245 | 1 |
_aPolis efendilere mahsus terbiye ve malumat-ı meslekiye/ _cİbrahim Feridun ; İbrahim Feridun ; yayına hazırlayan Muhittin Karakaya, Veysel K. Bilgiç. |
|
| 264 | 1 |
_aAnkara : _bPolis Akademisi Yayınları _c2010 |
|
| 300 |
_a215 sayfa : _bresimli ; _c24 cm. |
||
| 336 |
_ametin _btxt _2rdacontent |
||
| 337 |
_aaracısız _bn _2rdamedia |
||
| 338 |
_acilt _bnc _2rdacarrier |
||
| 490 | 1 |
_aGüvenlik Tarihi serisi ; _v1 |
|
| 650 | 0 |
_aPolis Tarihi Türkiye. _953256 |
|
| 830 | 1 |
_aGüvenlik Tarihi serisi ; _v1 _953257 |
|
| 942 |
_2lcc _cBK |
||
| 999 |
_c26803 _d26803 |
||